000 01043nam a2200229Ia 4500
003 Ost
005 20260507075734.0
008 260507s9999||||xx |||||||||||||| ||und||
020 _a9990610760
040 _cfsecg
041 _aara
082 _a332.152
100 _aحلمي، خالد سعد زغلول
_eمؤلف
245 0 _aمثلث قيادة الاقتصاد العالمي :
_bصندوق النقد الدولي،البنك الدولي،منظمة التجارة العالمية /
_c خالد سعد زغلول حلمي
260 _aالكويت:
_bجامعة الكويت,
_c2002
300 _a594 صفحة؛
_c24 سم
504 _aببليوغرافيا: ص.569
520 _aصندوق النقد الدولي،البنك الدولي،إتفاقات الجات ومنظمة التجارة العالمية،المنظمات الدولية الإقتصادية ودورها القيادي
653 _aصندوق النقد الدولي
653 _aمنظمة التجارة العالمية
942 _cكتاب
999 _c46074
_d46074